header

Get more out of your SAN with IBM Tivoli Storage Manager (Record no. 211110)

MARC details
000 -LEADER
fixed length control field 01504nam a2200361Ia 4500
082 04 - DEWEY DECIMAL CLASSIFICATION NUMBER
Classification number 004.56
245 00 - TITLE STATEMENT
Title Get more out of your SAN with IBM Tivoli Storage Manager
250 ## - EDITION STATEMENT
Edition statement 1st ed.
260 ## - PUBLICATION, DISTRIBUTION, ETC. (IMPRINT)
Place of publication San Jose, CA :
Name of publisher IBM Corp., International Technical Support Organization,
Year of publication c2005.
300 ## - PHYSICAL DESCRIPTION
Number of Pages xx, 436 p. :
Other physical details ill.
490 1# - SERIES STATEMENT
Series statement Redbooks
500 ## - GENERAL NOTE
General note "This edition applies to version 5, release 3 of IBM Tivoli Storage Manager and related products."
General note "June 2005."
650 #0 - SUBJECT ADDED ENTRY--TOPICAL TERM
Topical Term Electronic data processing
Topical Term Storage area networks (Computer networks)
700 1# - ADDED ENTRY--PERSONAL NAME
Personal name Brooks, Charlotte.
856 40 - ELECTRONIC LOCATION AND ACCESS
Uniform Resource Identifier http://site.ebrary.com/lib/rucke/Doc?id=10112619

No items available.

© 2026 Rongo University
Contact us: librarian | system librarian | Rongo university